[Event "CAN op"]
[Site "Hamilton CAN"]
[Date "2022.07.15"]
[Round "7.53"]
[White "Xu, Andrew"]
[Black "Lin, Yu-Liang"]
[Result "0-1"]
[WhiteElo "1939"]
[BlackElo "1425"]
[PlyCount "54"]
[EventDate "2022.07.12"]
[EventType "swiss"]
[EventRounds "9"]
[EventCountry "CAN"]

1. e4 c5 2. Nf3 Nc6 3. Bb5 g6 4. c3 Nf6 5. e5 Nd5 6. O-O Bg7 7. d4 cxd4 8. cxd4
O-O 9. Nc3 Nxc3 10. bxc3 d6 11. Bxc6 bxc6 12. exd6 exd6 13. Bg5 Qc7 14. Re1 Be6
15. Qd2 Rab8 16. Bh6 Rb5 17. Bxg7 Kxg7 18. Ng5 Bc4 19. Ne4 Re8 20. a4 Ra5 21.
Qf4 Re6 22. h3 Qe7 23. Re3 Rf5 24. Qg3 Rxe4 25. Rxe4 Qxe4 26. Qxd6 Rg5 27. g3
Bd5 0-1

[Event "CAN op"]
[Site "Hamilton CAN"]
[Date "2022.07.15"]
[Round "7.54"]
[White "Wang, Derek"]
[Black "Suresh, Pavan"]
[Result "1-0"]
[WhiteElo "1934"]
[BlackElo "1413"]
[PlyCount "131"]
[EventDate "2022.07.12"]
[EventType "swiss"]
[EventRounds "9"]
[EventCountry "CAN"]

1. Nf3 Nf6 2. d4 d5 3. c4 e6 4. Bg5 Be7 5. e3 c6 6. Nc3 Nbd7 7. Qc2 O-O 8. Be2
h6 9. Bh4 b6 10. cxd5 cxd5 11. O-O Bb7 12. Rac1 Rc8 13. Qb3 Ne8 14. Bg3 Nd6 15.
Nb5 Nxb5 16. Bxb5 Nf6 17. h3 Ne4 18. Bh2 Nd6 19. Bd3 Nc4 20. Rfd1 Na5 21. Qa4
Bc6 22. Rxc6 Nxc6 23. Ba6 Nb4 24. Bxc8 Qxc8 25. a3 Na6 26. Ne5 Bd6 27. b4 Qb7
28. b5 Nb8 29. Qb3 Rc8 30. Qd3 Qc7 31. a4 f6 32. Nf3 Bxh2+ 33. Nxh2 Qc2 34.
Qxc2 Rxc2 35. Ra1 Rc7 36. Nf3 Kf7 37. Ne1 Kg6 38. Kf1 Kf7 39. Nd3 Ke7 40. Rc1
Rxc1+ 41. Nxc1 Kd6 42. Ke2 Nd7 43. Nd3 e5 44. Nb4 Nb8 45. Kf3 g6 46. Kg4 e4 47.
f4 exf3 48. gxf3 f5+ 49. Kf4 Ke6 50. h4 Nd7 51. Nc6 Nf6 52. Kg3 Nh5+ 53. Kf2 f4
54. Nxa7 fxe3+ 55. Kxe3 Ng3 56. Nc8 Nf5+ 57. Kd3 Nxh4 58. Nxb6 Nxf3 59. a5 Kd6
60. a6 Kc7 61. a7 Kb7 62. a8=Q+ Kxb6 63. Qc6+ Ka7 64. Qc7+ Ka8 65. b6 Nxd4 66.
Qc8# 1-0

[Event "CAN op"]
[Site "Hamilton CAN"]
[Date "2022.07.15"]
[Round "7.55"]
[White "Qian, Jessica"]
[Black "He, Emma"]
[Result "1/2-1/2"]
[WhiteElo "1532"]
[BlackElo "1903"]
[PlyCount "143"]
[EventDate "2022.07.12"]
[EventType "swiss"]
[EventRounds "9"]
[EventCountry "CAN"]

1. e4 e5 2. Nf3 Nc6 3. Bc4 Nf6 4. Ng5 d5 5. exd5 Na5 6. Bb5+ c6 7. dxc6 bxc6 8.
Bd3 Nd5 9. Ne4 Nf4 10. O-O Nxd3 11. cxd3 Qxd3 12. Qa4 Qb5 13. Qxb5 cxb5 14.
Nbc3 Bd7 15. Re1 O-O-O 16. Ng5 Be8 17. Nf3 f6 18. d4 b4 19. Nb1 exd4 20. Nxd4
Bf7 21. Nf5 b3 22. axb3 Bb4 23. Nc3 g6 24. Ra4 Nc6 25. Ng3 Bxb3 26. Ra1 a5 27.
Be3 Ne5 28. Bb6 Rd2 29. Bxa5 Bxa5 30. Rxa5 Rhd8 31. Rc5+ Kb7 32. Rb5+ Kc6 33.
Rxb3 Nd3 34. Re2 Nc1 35. Rxd2 Rxd2 36. Rb8 Kc7 37. Nge4 Rc2 38. Rh8 Nd3 39.
Rxh7+ Kc6 40. h3 f5 41. Ng3 Rxb2 42. Rh6 Rxf2 43. Rxg6+ Kd7 44. Nb5 Rxg2+ 45.
Kxg2 Nf4+ 46. Kf3 Nxg6 47. Nxf5 Ke6 48. Nbd4+ Kf6 49. Kg4 Ne5+ 50. Kg3 Ng6 51.
Nh4 Ne7 52. Kg4 Nd5 53. Ng2 Kg7 54. Nf4 Nf6+ 55. Kf5 Ne8 56. Nde6+ Kh6 57. Ke5
Kh7 58. h4 Kh6 59. Ng5 Ng7 60. Kf6 Ne8+ 61. Ke5 Ng7 62. Nf7+ Kh7 63. Kf6 Ne8+
64. Kg5 Ng7 65. Nh6 Ne8 66. Ng4 Nd6 67. Nf6+ Kg7 68. N4d5 Nf7+ 69. Kh5 Ne5 70.
Kg5 Nf3+ 71. Kg4 Nxh4 72. Kxh4 1/2-1/2

[Event "CAN op"]
[Site "Hamilton CAN"]
[Date "2022.07.15"]
[Round "7.56"]
[White "Heran-Boily, Samuel"]
[Black "Jiang, William"]
[Result "1-0"]
[WhiteElo "1871"]
[BlackElo "1380"]
[PlyCount "75"]
[EventDate "2022.07.12"]
[EventType "swiss"]
[EventRounds "9"]
[EventCountry "CAN"]

1. e4 c5 2. Nf3 Nc6 3. Bc4 Nf6 4. e5 Ng4 5. Bxf7+ Kxf7 6. Ng5+ Ke8 7. Qxg4 Nxe5
8. Qf4 d6 9. O-O h6 10. Nf3 Nxf3+ 11. Qxf3 Be6 12. Qxb7 h5 13. Re1 Bd7 14. d4
cxd4 15. Qe4 Qc8 16. Qg6+ Kd8 17. Bd2 a5 18. Na3 Bf5 19. Qf7 Bxc2 20. Bg5 Ra7
21. Nb5 Rd7 22. Nxd4 Rb7 23. Ne6+ Kd7 24. Nxf8+ Rxf8 25. Rxe7+ Kc6 26. Qc4+ Kb6
27. Be3+ Qc5 28. Bxc5+ dxc5 29. Qe6+ Ka7 30. Rxb7+ Kxb7 31. Qe7+ Kc6 32. Qxf8
h4 33. Rc1 h3 34. Rxc2 hxg2 35. Rxc5+ Kb6 36. Qd6+ Kb7 37. Rc7+ Kb8 38. Qd8#
1-0

[Event "CAN op"]
[Site "Hamilton CAN"]
[Date "2022.07.15"]
[Round "7.57"]
[White "Jiang, Hancy"]
[Black "Zhang, James"]
[Result "1-0"]
[WhiteElo "1855"]
[BlackElo "1362"]
[PlyCount "55"]
[EventDate "2022.07.12"]
[EventType "swiss"]
[EventRounds "9"]
[EventCountry "CAN"]

1. d4 d5 2. Bf4 Nf6 3. e3 Bf5 4. c4 e6 5. Qb3 Qc8 6. Nc3 c6 7. Rc1 Qd7 8. Nf3
b6 9. Ne5 Qb7 10. h3 Nbd7 11. Be2 Nxe5 12. Bxe5 Nd7 13. Bg3 Be7 14. Bf3 Rc8 15.
O-O O-O 16. Rfd1 Rfd8 17. e4 dxe4 18. Nxe4 Nf6 19. Nc3 Qd7 20. Qa4 c5 21. dxc5
Qxa4 22. Nxa4 bxc5 23. Bb7 Rxd1+ 24. Rxd1 Re8 25. Rd2 Kf8 26. Bd6 Nd7 27. Bc6
Rd8 28. g4 1-0

[Event "CAN op"]
[Site "Hamilton CAN"]
[Date "2022.07.15"]
[Round "7.58"]
[White "Narula, Japveer"]
[Black "Kaye, Olya"]
[Result "0-1"]
[WhiteElo "1326"]
[BlackElo "1854"]
[PlyCount "116"]
[EventDate "2022.07.12"]
[EventType "swiss"]
[EventRounds "9"]
[EventCountry "CAN"]

1. e4 d6 2. d4 Nf6 3. Nc3 g6 4. Nf3 Bg7 5. Bc4 O-O 6. Bf4 Nxe4 7. Nxe4 d5 8.
Bd3 dxe4 9. Bxe4 c5 10. c3 cxd4 11. cxd4 Nd7 12. O-O Nf6 13. Bc2 b6 14. Re1 Bb7
15. Ne5 Rc8 16. Bb3 Nh5 17. Bg3 Nxg3 18. hxg3 Rc7 19. Qg4 Qd6 20. Qf4 Bf6 21.
Rac1 Rxc1 22. Rxc1 Kg7 23. Nxf7 Qxf4 24. gxf4 Rxf7 25. Bxf7 Kxf7 26. Rc7 Bd5
27. Rxa7 Bxd4 28. b3 Ke6 29. Rc7 Bc5 30. Kf1 Bd6 31. Rc1 Bxf4 32. Re1+ Kf6 33.
Rd1 e6 34. f3 h5 35. Ke2 h4 36. Rh1 g5 37. Kd3 Bg3 38. Kc3 Kf5 39. Kd2 g4 40.
fxg4+ Kxg4 41. Rg1 Bf2 42. Rf1 Bc5 43. Ke2 Bxg2 44. Re1 h3 45. b4 Bxb4 46. Rf1
Bxf1+ 47. Kxf1 Bc5 48. Ke2 h2 49. Kd3 h1=Q 50. Kc4 e5 51. Kb5 e4 52. Ka6 e3 53.
Ka7 e2 54. Kb8 e1=Q 55. Ka7 Qa5+ 56. Kb8 Qh7 57. a4 Qaa7+ 58. Kc8 Qac7# 0-1

[Event "CAN op"]
[Site "Hamilton CAN"]
[Date "2022.07.15"]
[Round "7.59"]
[White "Buchatsky, Joseph"]
[Black "Leong, Ryan"]
[Result "0-1"]
[WhiteElo "1256"]
[BlackElo "1853"]
[PlyCount "52"]
[EventDate "2022.07.12"]
[EventType "swiss"]
[EventRounds "9"]
[EventCountry "CAN"]

1. e4 c5 2. Nf3 d6 3. Bb5+ Bd7 4. Bxd7+ Qxd7 5. O-O Nc6 6. c3 Nf6 7. Qe2 e6 8.
d4 cxd4 9. cxd4 Be7 10. Nc3 O-O 11. Rd1 a6 12. e5 Nd5 13. Nxd5 exd5 14. Qd3 f6
15. Qb3 dxe5 16. dxe5 Rad8 17. e6 Qxe6 18. Qxb7 Na5 19. Qc7 Bb4 20. Bd2 Rc8 21.
Qa7 Bc5 22. Re1 Qxe1+ 23. Rxe1 Bxa7 24. Bxa5 Rc2 25. Rf1 Rxb2 26. a3 Bc5 0-1

[Event "CAN op"]
[Site "Hamilton CAN"]
[Date "2022.07.15"]
[Round "7.60"]
[White "Holmgren, Emilian"]
[Black "Wang, Rachel"]
[Result "0-1"]
[WhiteElo "1226"]
[BlackElo "1850"]
[PlyCount "74"]
[EventDate "2022.07.12"]
[EventType "swiss"]
[EventRounds "9"]
[EventCountry "CAN"]

1. e4 c5 2. Nf3 Nc6 3. Bb5 e6 4. c3 Nge7 5. O-O a6 6. Ba4 b5 7. Bc2 d5 8. d4 c4
9. Bf4 Ng6 10. Bg3 Bd6 11. exd5 exd5 12. Re1+ Nge7 13. b4 a5 14. bxa5 Bxg3 15.
fxg3 O-O 16. h4 f6 17. Nbd2 Qxa5 18. Re3 Nf5 19. Bxf5 Bxf5 20. Nh2 Bd3 21. Qc1
Rae8 22. Rxe8 Rxe8 23. Qb2 Re2 24. Nhf3 Be4 25. Kf1 Bd3 26. Kg1 b4 27. cxb4
Qxb4 28. Qxb4 Nxb4 29. a4 Nc2 30. Rf1 Nxd4 31. Nxd4 Rxd2 32. Ra1 Be4 33. Nf3
Rb2 34. a5 c3 35. a6 c2 36. Nd2 d4 37. Kf2 c1=Q 0-1

[Event "CAN op"]
[Site "Hamilton CAN"]
[Date "2022.07.15"]
[Round "7.61"]
[White "Supsup, Ferdinand"]
[Black "Dennahower, Michael"]
[Result "1-0"]
[WhiteElo "1810"]
[BlackElo "1281"]
[PlyCount "60"]
[EventDate "2022.07.12"]
[EventType "swiss"]
[EventRounds "9"]
[EventCountry "CAN"]

1. d4 Nf6 2. Nc3 d5 3. Bf4 c6 4. e3 Qb6 5. Rb1 e6 6. Bd3 Be7 7. Nf3 Nbd7 8. O-O
O-O 9. Ne5 a5 10. Qf3 a4 11. Qh3 Qd8 12. g4 g6 13. Ne2 c5 14. c3 Nxe5 15. dxe5
Nd7 16. Qh6 Re8 17. Qh3 Qc7 18. Bb5 Ra5 19. c4 dxc4 20. Bxc4 b5 21. Bd3 Nxe5
22. Qg3 Bd6 23. Nc3 Nc4 24. Bxc4 Bxf4 25. exf4 bxc4 26. Ne4 Rd8 27. Nf6+ Kg7
28. g5 h5 29. gxh6+ Kh8 30. Qg5 Bb7 1-0

[Event "CAN op"]
[Site "Hamilton CAN"]
[Date "2022.07.15"]
[Round "7.62"]
[White "Windram, James"]
[Black "Cloete, Jack"]
[Result "1-0"]
[WhiteElo "2124"]
[BlackElo "1525"]
[PlyCount "65"]
[EventDate "2022.07.12"]
[EventType "swiss"]
[EventRounds "9"]
[EventCountry "CAN"]

1. e4 c6 2. d4 d5 3. e5 Bf5 4. Nf3 e6 5. Be2 c5 6. Be3 cxd4 7. Nxd4 Bg6 8. Bb5+
Nd7 9. O-O a6 10. Bxd7+ Qxd7 11. Nd2 Ne7 12. c3 Nc6 13. Nxc6 Qxc6 14. a4 Be7
15. a5 O-O 16. Bd4 Qb5 17. b4 Bd3 18. Re1 Bg5 19. Nb3 Bc4 20. Nc5 Bd8 21. Na4
Qc6 22. Re3 f6 23. exf6 Bxf6 24. Nc5 Rae8 25. Be5 Bxe5 26. Rxe5 Rf6 27. Qd4 b6
28. axb6 Qxb6 29. Qe3 Kf7 30. Re1 Qd6 31. Qh3 d4 32. Qh5+ Kg8 33. Qxe8+ 1-0

[Event "CAN op"]
[Site "Hamilton CAN"]
[Date "2022.07.15"]
[Round "7.63"]
[White "Helwig, Frank"]
[Black "Klein, Gernot"]
[Result "0-1"]
[WhiteElo "1559"]
[BlackElo "1925"]
[PlyCount "67"]
[EventDate "2022.07.12"]
[EventType "swiss"]
[EventRounds "9"]
[EventCountry "CAN"]

1. d4 d5 2. c4 e6 3. Nf3 c6 4. Nc3 dxc4 5. e3 b5 6. g3 Bb7 7. Bg2 Nf6 8. O-O
Be7 9. Qc2 O-O 10. Rd1 Nd5 11. a3 Nd7 12. e4 Nxc3 13. bxc3 Nf6 14. Ne5 Qc7 15.
Bg5 c5 16. Bxf6 Bxf6 17. Ng4 Be7 18. Ne3 cxd4 19. cxd4 Rfd8 20. Qc1 Rd7 21. Ra2
Rad8 22. Rad2 a5 23. d5 c3 24. Rd3 b4 25. Qc2 Ba6 26. d6 Rxd6 27. Rxd6 Rxd6 28.
Rxd6 Qxd6 29. Qa4 Qb6 30. Qe8+ Bf8 31. axb4 axb4 32. Qa4 b3 33. Nc2 bxc2 34.
Qxc2 0-1

[Event "CAN op"]
[Site "Hamilton CAN"]
[Date "2022.07.15"]
[Round "7.64"]
[White "Sharpe, Michael"]
[Black "Pickard, Ryan"]
[Result "1/2-1/2"]
[WhiteElo "1519"]
[BlackElo "1920"]
[PlyCount "83"]
[EventDate "2022.07.12"]
[EventType "swiss"]
[EventRounds "9"]
[EventCountry "CAN"]

1. c4 f5 2. d4 Nf6 3. Nc3 e6 4. g3 Be7 5. Bg2 O-O 6. Nf3 d6 7. O-O Nc6 8. Bg5
Qe8 9. h3 h6 10. Bxf6 Bxf6 11. e3 e5 12. Nd5 Bd8 13. Ne1 Be6 14. Rc1 Qf7 15. b3
Rb8 16. Nc3 Ne7 17. dxe5 dxe5 18. Nd3 e4 19. Nc5 Nc6 20. Nxe6 Qxe6 21. Qd5 Qxd5
22. Nxd5 Ne5 23. Rcd1 c6 24. Nf4 Ba5 25. Ne6 Rf6 26. Nf4 Kf7 27. a3 Ke7 28. f3
Nxf3+ 29. Bxf3 exf3 30. Rxf3 Rd8 31. Rxd8 Bxd8 32. Kf2 Rd6 33. Ke2 Ba5 34. Nd3
g6 35. g4 fxg4 36. hxg4 Rf6 37. Rh3 g5 38. Rf3 Bc3 39. Rh3 Kd6 40. Rf3 b6 41.
Rh3 a6 42. Rf3 1/2-1/2

[Event "CAN op"]
[Site "Hamilton CAN"]
[Date "2022.07.15"]
[Round "7.65"]
[White "Baylon, Glenda"]
[Black "Zhong, Ryan Yunhui"]
[Result "1/2-1/2"]
[WhiteElo "1899"]
[BlackElo "1480"]
[PlyCount "58"]
[EventDate "2022.07.12"]
[EventType "swiss"]
[EventRounds "9"]
[EventCountry "CAN"]

1. d4 d5 2. c4 dxc4 3. e4 Nf6 4. Nc3 e5 5. d5 c6 6. Bg5 Be7 7. Bxf6 Bxf6 8.
Bxc4 Qd6 9. dxc6 Qxd1+ 10. Rxd1 bxc6 11. Nf3 O-O 12. O-O Bb7 13. Rd2 Na6 14.
Rfd1 Nc5 15. b4 Ba6 16. Bxf7+ Rxf7 17. bxc5 Rb7 18. Rd6 Rc8 19. Rd7 Rcb8 20.
Rxb7 Rxb7 21. g4 Rb2 22. g5 Be7 23. Nxe5 Bxg5 24. Rb1 Rxb1+ 25. Nxb1 Be7 26.
Nxc6 Bxc5 27. Nc3 Bb7 28. Nd8 Ba6 29. Ne6 Ba3 1/2-1/2

[Event "CAN op"]
[Site "Hamilton CAN"]
[Date "2022.07.15"]
[Round "7.66"]
[White "Laughlin, Braden"]
[Black "Xie, Irene"]
[Result "1-0"]
[WhiteElo "1896"]
[BlackElo "1455"]
[PlyCount "61"]
[EventDate "2022.07.12"]
[EventType "swiss"]
[EventRounds "9"]
[EventCountry "CAN"]

1. e4 d6 2. d4 g6 3. c4 Bg7 4. Nc3 Nf6 5. Nf3 Bg4 6. h3 Bxf3 7. Qxf3 Nc6 8. Be3
e5 9. d5 Ne7 10. Rc1 Nd7 11. Qd1 f5 12. f3 f4 13. Bf2 Ng8 14. b4 a5 15. a3 axb4
16. axb4 Nb6 17. c5 Nc8 18. Nb5 c6 19. dxc6 bxc6 20. Nxd6+ Nxd6 21. cxd6 Qd7
22. Bc4 Nf6 23. O-O Bf8 24. Bc5 Rd8 25. Bb6 Rb8 26. Bc7 Rxb4 27. Qd2 Rb7 28.
Rfd1 Ra7 29. Qb2 Rxc7 30. Qxe5+ Be7 31. dxc7 1-0

[Event "CAN op"]
[Site "Hamilton CAN"]
[Date "2022.07.15"]
[Round "7.67"]
[White "Wu, Jonathan"]
[Black "Xu, Hannah"]
[Result "1-0"]
[WhiteElo "1891"]
[BlackElo "1295"]
[PlyCount "149"]
[EventDate "2022.07.12"]
[EventType "swiss"]
[EventRounds "9"]
[EventCountry "CAN"]

1. e4 e6 2. d4 d5 3. e5 c5 4. c3 Nc6 5. Nf3 Qb6 6. Bd3 Bd7 7. O-O cxd4 8. Re1
dxc3 9. Nxc3 a6 10. a3 Bc5 11. Qe2 Qc7 12. b4 Ba7 13. Bb2 Nge7 14. b5 Na5 15.
Rac1 Qd8 16. a4 h6 17. Ba3 axb5 18. Nxb5 Bxb5 19. Bxb5+ Nac6 20. Bxe7 Qxe7 21.
Rxc6 bxc6 22. Bxc6+ Kf8 23. Bxa8 g6 24. Bc6 Kg7 25. g3 Qc5 26. Bb5 Rc8 27. Nh4
Qc2 28. Qxc2 Rxc2 29. Re2 Rc1+ 30. Kg2 Rc3 31. Nf3 g5 32. h3 Bb6 33. Ne1 Kg6
34. Nd3 h5 35. Nb4 Ra3 36. Ra2 Rb3 37. Nc6 Bc5 38. Na5 Rb4 39. Nb7 Bd4 40. Re2
Rb3 41. Nd6 f6 42. Be8+ Kg7 43. exf6+ Kxf6 44. Bxh5 Bc5 45. Ne8+ Ke7 46. Nc7
Ra3 47. Nxe6 Kd6 48. Nxc5 Kxc5 49. Re5 Rxa4 50. Bf7 Kd6 51. Rxd5+ Ke7 52. Bh5
Kf6 53. Bg4 Re4 54. Rf5+ Kg6 55. Rf3 Ra4 56. Bf5+ Kh6 57. g4 Kg7 58. Kg3 Kh6
59. Rd3 Ra6 60. h4 gxh4+ 61. Kxh4 Ra7 62. g5+ Kg7 63. Rd7+ Rxd7 64. Bxd7 Kf7
65. Kh5 Kg7 66. g6 Kg8 67. Kh6 Kf8 68. g7+ Kf7 69. Be6+ Kf6 70. g8=Q Ke5 71.
Qg5+ Kd6 72. Qd5+ Kc7 73. Qc5+ Kb8 74. Qb6+ Ka8 75. Bd5# 1-0

[Event "CAN op"]
[Site "Hamilton CAN"]
[Date "2022.07.15"]
[Round "7.68"]
[White "Faizy, Mohammed"]
[Black "Cater, Brendan"]
[Result "1-0"]
[WhiteElo "1503"]
[BlackElo "1860"]
[PlyCount "71"]
[EventDate "2022.07.12"]
[EventType "swiss"]
[EventRounds "9"]
[EventCountry "CAN"]

1. e4 e5 2. Nf3 Nf6 3. Nxe5 Nxe4 4. Qe2 Qe7 5. Qxe4 d6 6. d4 dxe5 7. Qxe5 Qxe5+
8. dxe5 Bf5 9. c3 Nd7 10. Bf4 Nc5 11. Nd2 Nd3+ 12. Bxd3 Bxd3 13. O-O-O O-O-O
14. Rhe1 Bf5 15. Nb3 c5 16. Rxd8+ Kxd8 17. Na5 Kc8 18. Nc4 Be6 19. Nd6+ Kc7 20.
Kc2 Kc6 21. b3 Be7 22. Kd3 h5 23. h3 g5 24. Bg3 h4 25. Bh2 Rd8 26. Kc2 Bd5 27.
f3 f6 28. Nf5 Kd7 29. Rd1 Ke6 30. Nxe7 Kxe7 31. exf6+ Ke8 32. c4 Be6 33. Rxd8+
Kxd8 34. Bg1 b6 35. Be3 Bf5+ 36. Kc3 1-0

[Event "CAN op"]
[Site "Hamilton CAN"]
[Date "2022.07.15"]
[Round "7.69"]
[White "Wang, Andy"]
[Black "Zhong, April Yunwei"]
[Result "1-0"]
[WhiteElo "1806"]
[BlackElo "1452"]
[PlyCount "139"]
[EventDate "2022.07.12"]
[EventType "swiss"]
[EventRounds "9"]
[EventCountry "CAN"]

1. e4 c5 2. Nf3 d6 3. d4 cxd4 4. Nxd4 Nf6 5. Nc3 a6 6. Be2 e5 7. Nb3 Be6 8. Be3
Be7 9. O-O Nbd7 10. f3 Nb6 11. Kh1 Nc4 12. Bxc4 Bxc4 13. Re1 d5 14. exd5 Nxd5
15. Nxd5 Bxd5 16. Bb6 Qd6 17. Bc5 Qe6 18. Nd4 Qf6 19. Bxe7 Kxe7 20. Qe2 Rhe8
21. Qxe5+ Qxe5 22. Rxe5+ Be6 23. Rae1 Kf6 24. Nxe6 Rxe6 25. Rxe6+ fxe6 26. Rd1
Ke7 27. Kg1 Rc8 28. Rd2 Rc6 29. Kf2 b5 30. c3 g6 31. Ke3 a5 32. Rd4 Rc5 33. a4
bxa4 34. Rxa4 Kd6 35. Kd3 Kc6 36. b4 axb4 37. Rxb4 Rd5+ 38. Rd4 Ra5 39. Ke3 Ra2
40. Rg4 Kc5 41. Kf4 Kc4 42. Ke5+ Kxc3 43. Kxe6 Ra7 44. Kf6 Kd3 45. Kg5 Ra5+ 46.
Kf4 Rf5+ 47. Kg3 Ke2 48. h4 Rf7 49. Rg5 Ke3 50. Re5+ Kd4 51. Re8 Kd5 52. Kg4
Kd6 53. h5 gxh5+ 54. Kxh5 Rf6 55. Kg4 Rg6+ 56. Kh3 Rh6+ 57. Kg3 Kd5 58. f4 Kd4
59. f5 Rh5 60. Kg4 Rh2 61. g3 Rg2 62. Re1 h5+ 63. Kxh5 Rxg3 64. Rf1 Ke5 65. f6
Rh3+ 66. Kg4 Rh8 67. f7 Rf8 68. Kg5 Ke6 69. Kg6 Ke7 70. Kg7 1-0

[Event "CAN op"]
[Site "Hamilton CAN"]
[Date "2022.07.15"]
[Round "7.70"]
[White "Jiang, Barron Jiyu"]
[Black "Basi, Karandeep"]
[Result "1-0"]
[WhiteElo "1791"]
[BlackElo "1280"]
[PlyCount "72"]
[EventDate "2022.07.12"]
[EventType "swiss"]
[EventRounds "9"]
[EventCountry "CAN"]

1. e4 c5 2. Nf3 d6 3. d4 cxd4 4. Nxd4 Nf6 5. Nc3 a6 6. Bg5 e6 7. f4 Be7 8. Qf3
Nbd7 9. O-O-O Qc7 10. f5 Ne5 11. Qh3 Nfg4 12. Bxe7 Qxe7 13. Qg3 Qg5+ 14. Kb1
Qe3 15. Qxe3 Nxe3 16. Re1 Nxf1 17. Rhxf1 Bd7 18. Rf2 Ke7 19. h3 Rac8 20. g4 h6
21. Ref1 f6 22. fxe6 Bxe6 23. Nf5+ Bxf5 24. gxf5 Rc4 25. Rg1 Kf7 26. Rfg2 Rg8
27. Rf2 Rd8 28. Rfg2 Rg8 29. Rd1 Rd8 30. Rgd2 Rc6 31. Nd5 Rc4 32. Rd4 Rxd4 33.
Rxd4 Rc8 34. b3 Rc6 35. Nf4 Ke7 36. Rd2 Rc3 1-0

[Event "CAN op"]
[Site "Hamilton CAN"]
[Date "2022.07.15"]
[Round "7.71"]
[White "Zhu, Isabelle"]
[Black "Lu, Tony"]
[Result "0-1"]
[WhiteElo "1179"]
[BlackElo "1773"]
[PlyCount "70"]
[EventDate "2022.07.12"]
[EventType "swiss"]
[EventRounds "9"]
[EventCountry "CAN"]

1. d4 d5 2. c4 c6 3. Nc3 Nf6 4. Nf3 e6 5. Bf4 dxc4 6. e3 b5 7. Be2 Bb4 8. O-O
Nd5 9. Nxd5 cxd5 10. a4 Bd7 11. Ne5 bxa4 12. Nxd7 Qxd7 13. Qxa4 Qxa4 14. Rxa4
Nc6 15. Rfa1 O-O 16. f3 a5 17. Bg3 Bd2 18. Bf2 Rfb8 19. Rb1 c3 20. Bd3 Nb4 21.
bxc3 Nxd3 22. Rxb8+ Rxb8 23. h3 Nxf2 24. Kxf2 Bxc3 25. Kg3 g6 26. Kf4 Kg7 27.
g4 f6 28. h4 h6 29. e4 e5+ 30. dxe5 fxe5+ 31. Ke3 d4+ 32. Kd3 g5 33. h5 Kf6 34.
Kc4 Rb4+ 35. Rxb4 Bxb4 0-1

[Event "CAN op"]
[Site "Hamilton CAN"]
[Date "2022.07.15"]
[Round "7.72"]
[White "Qian, Eric"]
[Black "Hartman, Liam"]
[Result "1-0"]
[WhiteElo "1753"]
[BlackElo "1268"]
[PlyCount "145"]
[EventDate "2022.07.12"]
[EventType "swiss"]
[EventRounds "9"]
[EventCountry "CAN"]

1. e4 c6 2. d4 d5 3. e5 c5 4. dxc5 Nc6 5. Bb5 Qa5+ 6. Nc3 e6 7. Be3 Bd7 8. Bxc6
Bxc6 9. Qd4 Ne7 10. b4 Qc7 11. Nf3 Nf5 12. Qf4 Nxe3 13. Qxe3 Be7 14. O-O O-O
15. Nd4 Bd7 16. Ncb5 Bxb5 17. Nxb5 Qc6 18. Nd4 Qc7 19. a3 a6 20. Rac1 h6 21. c4
Rad8 22. Nf3 a5 23. h3 axb4 24. axb4 Qc6 25. Nd4 Qa4 26. Qc3 dxc4 27. Qxc4 Rd5
28. Nf5 Bxc5 29. bxc5 Qxc4 30. Ne7+ Kh7 31. Rxc4 Rd7 32. c6 Rxe7 33. c7 Rc8 34.
Rfc1 b5 35. Rc6 b4 36. Kh2 b3 37. Kg3 Kg6 38. Kg4 b2 39. Rb1 Rexc7 40. Rxc7
Rxc7 41. Rxb2 Rc4+ 42. f4 h5+ 43. Kg3 h4+ 44. Kg4 Kh6 45. Rb7 Kg6 46. Rb8 Rc2
47. Kf3 Kf5 48. Rb7 Rc3+ 49. Kf2 Kg6 50. Rb8 Kh7 51. Rf8 Kg6 52. Rh8 Kf5 53.
Rxh4 g5 54. fxg5 Kxg5 55. Re4 Kf5 56. Re2 Rc5 57. g4+ Kf4 58. Kg2 Rxe5 59. Rf2+
Kg5 60. Rxf7 Kg6 61. Rf3 Rb5 62. Re3 e5 63. Kg3 Kg5 64. h4+ Kg6 65. Rf3 e4 66.
Re3 Rb1 67. Rxe4 Kf6 68. Re3 Rc1 69. Kf4 Rc4+ 70. Re4 Rc1 71. g5+ Kg6 72. Re6+
Kh5 73. Rh6# 1-0

[Event "CAN op"]
[Site "Hamilton CAN"]
[Date "2022.07.15"]
[Round "7.73"]
[White "Locham, Divjot"]
[Black "Wiraszka, Michal"]
[Result "1-0"]
[WhiteElo "1751"]
[BlackElo "957"]
[PlyCount "69"]
[EventDate "2022.07.12"]
[EventType "swiss"]
[EventRounds "9"]
[EventCountry "CAN"]

1. e4 e5 2. Nf3 Nf6 3. Nc3 Nc6 4. d4 exd4 5. Nxd4 Bb4 6. Nxc6 Bxc3+ 7. bxc3
bxc6 8. Bd3 Qe7 9. O-O O-O 10. Re1 a5 11. e5 Nd5 12. Qh5 g6 13. Qh6 f6 14. c4
Nb6 15. Ba3 Qf7 16. Bxf8 Qxf8 17. Qh4 f5 18. Re3 Ba6 19. e6 Qg7 20. Rae1 d5 21.
e7 Re8 22. Bxf5 Bxc4 23. Be6+ Kh8 24. Rf3 Rxe7 25. Rfe3 d4 26. Re4 g5 27. Bxc4
gxh4 28. Rxe7 Nxc4 29. Rxg7 Kxg7 30. Re7+ Kg6 31. Rxc7 Ne5 32. f4 d3 33. fxe5
d2 34. Rd7 d1=N 35. Rxd1 1-0

[Event "CAN op"]
[Site "Hamilton CAN"]
[Date "2022.07.15"]
[Round "7.78"]
[White "Deshpande, Nevin"]
[Black "Palsson, Halldor"]
[Result "1-0"]
[WhiteElo "1322"]
[BlackElo "1962"]
[PlyCount "39"]
[EventDate "2022.07.12"]
[EventType "swiss"]
[EventRounds "9"]
[EventCountry "CAN"]

1. c4 e6 2. Nc3 d5 3. d4 c6 4. Nf3 dxc4 5. e4 b5 6. Ne5 Nf6 7. Bg5 Bb7 8. Be2
Nbd7 9. Nxd7 Qxd7 10. O-O Bb4 11. Bf3 h6 12. Bxf6 gxf6 13. d5 O-O-O 14. a4 a6
15. axb5 cxb5 16. Qe2 Qc7 17. Rfc1 Qe5 18. Qe3 Kb8 19. b3 cxb3 20. Nxb5 1-0

[Event "CAN op"]
[Site "Hamilton CAN"]
[Date "2022.07.15"]
[Round "7.79"]
[White "Finlay, Ian"]
[Black "Stajov, George"]
[Result "1-0"]
[WhiteElo "1914"]
[BlackElo "1345"]
[PlyCount "97"]
[EventDate "2022.07.12"]
[EventType "swiss"]
[EventRounds "9"]
[EventCountry "CAN"]

1. e4 c5 2. Nf3 d6 3. d3 Nf6 4. g3 Nc6 5. Bg2 e6 6. Nbd2 Be7 7. O-O O-O 8. Re1
Rb8 9. Nf1 Ng4 10. c3 Nge5 11. Nxe5 Nxe5 12. f4 Ng6 13. h4 f5 14. h5 Nh8 15.
exf5 exf5 16. Bd5+ Nf7 17. Qf3 Kh8 18. Bd2 Nh6 19. c4 b6 20. Rxe7 Qxe7 21. Re1
Qc7 22. Bc3 Bb7 23. Ne3 Ng4 24. Nxf5 Rxf5 25. Bxb7 Ne5 26. Qe4 Qxb7 27. fxe5
Qxe4 28. dxe4 Rxe5 29. Bxe5 dxe5 30. Rd1 Kg8 31. Rd7 a5 32. Re7 Rd8 33. Rxe5
Rd1+ 34. Kg2 Rd2+ 35. Kf3 Rxb2 36. Re6 Kf7 37. Rc6 Rxa2 38. Rxb6 Ra4 39. Rb5
Rxc4 40. Rxa5 h6 41. Kf4 g5+ 42. hxg6+ Kxg6 43. Ra6+ Kg7 44. Kf5 h5 45. e5 Rg4
46. Ra7+ Kf8 47. Kf6 Ke8 48. e6 Kd8 49. e7+ 1-0

[Event "CAN op"]
[Site "Hamilton CAN"]
[Date "2022.07.15"]
[Round "7.80"]
[White "Lu, Aiden"]
[Black "Wu, Benjamin"]
[Result "0-1"]
[WhiteElo "1291"]
[BlackElo "1870"]
[PlyCount "68"]
[EventDate "2022.07.12"]
[EventType "swiss"]
[EventRounds "9"]
[EventCountry "CAN"]

1. e4 c5 2. Nf3 e6 3. d4 cxd4 4. Nxd4 Nf6 5. Nc3 Nc6 6. Be3 Bb4 7. Nxc6 bxc6 8.
Bd3 d5 9. Bd2 O-O 10. a3 Bxc3 11. Bxc3 dxe4 12. Bxf6 Qxf6 13. Bxe4 Ba6 14. Rb1
Qe5 15. Qf3 f5 16. Qe3 fxe4 17. h4 Rad8 18. g3 Rf3 19. Qxa7 Bc4 20. Rd1 Rxd1+
21. Kxd1 Qxb2 22. Re1 Rd3+ 23. Ke2 Rd7+ 24. Ke3 Rxa7 25. Rd1 Qxc2 26. Rd8+ Kf7
27. Kf4 Qe2 28. Ke5 Ra5+ 29. Kd6 Qd3+ 30. Kc7 Ra7+ 31. Kb6 Qxd8+ 32. Kxa7 Qc7+
33. Ka8 c5 34. a4 Bd5# 0-1

[Event "CAN op"]
[Site "Hamilton CAN"]
[Date "2022.07.15"]
[Round "7.81"]
[White "Liu, Sean"]
[Black "Bokhout, Peter"]
[Result "1-0"]
[WhiteElo "1208"]
[BlackElo "1852"]
[PlyCount "79"]
[EventDate "2022.07.12"]
[EventType "swiss"]
[EventRounds "9"]
[EventCountry "CAN"]

1. e4 c5 2. c4 Nc6 3. Nc3 d6 4. Nf3 Nf6 5. d3 e6 6. Bg5 Be7 7. Be2 O-O 8. O-O
a6 9. Nd2 Rb8 10. f4 b5 11. cxb5 axb5 12. Bf3 b4 13. Ne2 Qc7 14. Ng3 Ba6 15.
Nb3 Qb6 16. Kh1 Rfd8 17. f5 Ne5 18. Be2 d5 19. fxe6 fxe6 20. Qc2 Rbc8 21. Rad1
c4 22. dxc4 Nxc4 23. Qb1 h6 24. Bc1 Bb7 25. exd5 Nxd5 26. Qg6 e5 27. Qf7+ Kh8
28. Rxd5 Rf8 29. Qxe7 Rxf1+ 30. Bxf1 Bxd5 31. Nf5 Qg6 32. Ne3 Nxe3 33. Bxe3 Qb1
34. Kg1 Qxb2 35. Qxb4 Qxa2 36. Nd2 Qa1 37. Qd6 Bc4 38. Nxc4 Rxc4 39. Qd8+ Kh7
40. Qd3+ 1-0